Narastajúca popularita UGC: Spotrebiteľský pohľad v kontexte sociokultúrnych zmien
Na minha lista:
| Autor principal: | |
|---|---|
| Formato: | Capítulo de Livro |
| Idioma: | eslovaco |
| Tags: |
Sem tags, seja o primeiro a adicionar uma tag!
|
MARC
| LEADER | 00000naa$a2200000$$$4500 | ||
|---|---|---|---|
| 001 | 0314464 | ||
| 005 | 20260123085916.2 | ||
| 041 | 0 | |a slo | |
| 044 | |a SK | ||
| 245 | 1 | 0 | |a Narastajúca popularita UGC: Spotrebiteľský pohľad v kontexte sociokultúrnych zmien |c Patrik Učeň |
| 100 | 1 | |a Učeň, Patrik, 2001- | |